000 00551nam a2200193 a 4500
005 20240806064015.0
008 991125s2007 mx 000 0 spa u
020 _a9700770907
035 _aUPN01000168051
049 _aCG
050 4 _aPR3403 E8
_bA9.28b
100 1 _aDefoe, Daniel,
_d1660-1731
_932426
245 1 0 _aAventuras de Robinson Crusoe /
_cDaniel Defoe ; pról. Pablo Boullosa.
260 _aMéxico :
_bPorrúa,
_c2007.
300 _a459 p.
650 4 _aLiteratura inglesa
_95228
650 4 _aNovela inglesa
_94471
905 _aLibro
999 _c140160
_d140160